Normal view
MARC view
Entry Personal Name
001 - CONTROL NUMBER
- control field: 48114
003 - CONTROL NUMBER IDENTIFIER
- control field: ARRUPE
005 - DATE AND TIME OF LATEST TRANSACTION
- control field: 20190910104612.0
008 - FIXED-LENGTH DATA ELEMENTS
- fixed length control field: 190910|| aca||aabn | a|a d
040 ## - CATALOGING SOURCE
- Original cataloging agency: ARRUPE
- Transcribing agency: ARRUPE
100 ## - HEADING--PERSONAL NAME
- Personal name: Gwena, Prosper
670 ## - SOURCE DATA FOUND
- Source citation: Work cat.: (ARRUPE): Gwena, Prosper, The impact of Zimbabwean social and cultural beliefs on beliefs about how we are constituted as human persons and our destiny after death; and its effect on the formation of various religious groups in the country, 2015